000 00510nam a2200181Ia 4500
005 20250317123452.0
008 008 250317s9999 xx 000 0 eng d
037 _aTextbook
040 _aFMSL
_beng
_cFMSL
041 _aeng
_2eng
084 _aB K8
_qFMSL
100 _aSpiegel M R
245 0 _aMathematical handbook of formulas & tables
260 _aNew Delhi
_bNew Delhi, Schaums Outline Series
_c1968
300 _a271p
942 _cTB
_hB K8
999 _c1251384
_d1251384